Statistics for Spanish Pronouns Quiz

Click here to take the quiz!

General Stats

  • This quiz has been taken 10,289 times
    (10,287 since last reset)
  • The average score is 17 of 22

Answer Stats

English Español % Correct
Iyo
97%
you (informal)
97%
heél
97%
sheella
96%
mymi
95%
wenosotros
91%
whatque
90%
you (formal)usted
87%
wheredonde
86%
whoquien
81%
nothingnada
80%
littlepoco
80%
themellos
77%
otherotro
71%
with meconmigo
70%
with youcontigo
69%
ournuestro
62%
minemío
60%
somethingalgo
52%
nobodynadie
49%
anybodyalguien
36%
somealgunos
33%

Score Distribution

Percentile by Number Answered

Percent of People with Each Score

Your Score History

You have not taken this quiz since the last reset